000 00549nam a2200205Ia 4500
005 20250326141456.0
008 250326s9999 xx 000 0 und d
020 _a0-03-025482-5
037 _aTextbook
040 _aFMSL
_beng
_cFMSL
041 _aeng
_2eng
084 _aX:8D M9
_qFMSL
100 _aBrigham E F
245 0 _aFundamentals of ficial mangement
_cBrigham E F
250 _a5
260 _aNew Delhi
_bNew Delhi, Tata McGraw-Hill
_c1989
300 _axxi,855
942 _cTB
_hX:8D M9
999 _c1290477
_d1290477